000 00220nam a22001097a 4500
082 _a030
_bDIS/U
245 _aUNIVERSE
260 _aNEW DELHI
_bIMPULSE
300 _a124
650 _aGENERAL KNOWLEDGE
_zINDIA
942 _cBK
999 _c2920
_d2920